00938 2200361 4500001002100000005001500021020001800036035002400054040001200078082001800090084001800108090001800126100001400144245007800158250001000236260002900246300003100275650002000306700001900326850001200345990001800357990001800375990001800393990001700411990002100428990001900449990001700468990002100485990001700506990001900523990001700542990001700559YOGYA00000000010000220140823124918 a979-8451-52-x 0010-111300000000113 aYOPDYOG 2[22]a899.223 a899.223 Fau S a899.223 Fau S aFAUZ NOOR aSemesta sabda:bsebuah novel filsafat/cFauz Noor ; editor Retno Suffatni aCet.1 aYogyakarta:bLKIS,c2012 aXL, 656hlm,;c18cm.(3 eks) aFiksi Indonesia aRetno Suffatni aYOPDYOG a353601/B.2013 a353602/B.2013 a353603/B.2013 a3536-PD/B.13 a353601-PD/B.2013 a353603-PD/B.13 a3537-PD/B.13 a353601-PD/B.2013 a3536-PD/B.13 a3538-PD/B.2013 a3536-PD/B.13 a3537-PD/B.13